[Event "AUTO-INT-2764"]
[Site "http://www.queenalice.com/game.php?id=1234806"]
[Date "2013.11.24"]
[Round "1"]
[White "Legionnaire"]
[Black "MERMAID"]
[Result "1-0"]
[WhiteElo "1531"]
[BlackElo "1592"]

1. e4 Nc6 2. Bb5 a6 3. Bxc6 dxc6 4. Nf3 f5 5. exf5 Bxf5 6. O-O g5 7. Nxg5 h6 8.
Qh5+ Kd7 9. Nf7 Qe8 10. Qxf5+ e6 11. Qd3+ Ke7 12. Nxh8 Rd8 13. Qg3 Nf6 14. Ng6+
Kd7 15. d3 Kc8 16. Nxf8 Qxf8 17. Re1 Rd6 18. Qf3 Qe7 19. Bxh6 c5 20. Bg5 c6 21.
Bxf6 Qf7 22. Qg3 Rd7 23. Qe5 Rd5 24. Qxe6+ Rd7 25. Qxf7 Kc7 26. Re7 Rxe7 27.
Qxe7+ Kb6 28. Na3 a5 29. Nc4+ Kb5 30. a4+ Ka6 31. Qxc5 b6 32. Qxb6# 1-0

[Event "Challenge"]
[Site "http://www.queenalice.com/game.php?id=1235104"]
[Date "2013.11.24"]
[Round "-"]
[White "tigre89"]
[Black "MERMAID"]
[Result "0-1"]
[WhiteElo "1435"]
[BlackElo "1471"]

1. e4 d6 2. d4 f5 3. f3 Nf6 4. d5 fxe4 5. Bb5+ Bd7 6. Bxd7+ Qxd7 7. Nc3 Na6 8.
fxe4 e5 9. Nf3 O-O-O 10. O-O c6 11. Be3 h6 12. Bxa7 Be7 13. Na4 Qe8 14. Nb6+ Kc7
15. Qd3 Ra8 16. Qb3 Rxa7 17. c4 Nxe4 18. Rfe1 Nac5 19. Qb4 Nd3 20. Qb3 Nxe1 21.
Nxe1 Bh4 22. Nd3 Qf7 23. Rf1 Qg6 24. a4 Kd8 25. Qb4 Qe8 26. Rf5 g6 27. Rf1 Rf8
28. dxc6 Rxf1+ 29. Kxf1 Qf7+ 30. Ke2 bxc6 31. g3 Bg5 32. Nf2 Nxf2 33. Qxd6+ Rd7
34. Qb8+ Ke7 35. Nxd7 Kxd7 36. Qb7+ Ke8 37. Qxc6+ Kf8 38. Qc5+ Kg8 39. Qxe5 Ng4
40. Qb8+ Kg7 41. b3 Qe7+ 42. Kf3 Nxh2+ 43. Kg2 Qe2+ 44. Kh1 Be7 45. g4 Nxg4 46.
a5 Qf1# 0-1

[Event "Challenge"]
[Site "http://www.queenalice.com/game.php?id=1235131"]
[Date "2013.11.25"]
[Round "-"]
[White "AuntieRenie"]
[Black "MERMAID"]
[Result "1-0"]
[WhiteElo "1610"]
[BlackElo "1537"]

1. c4 d5 2. e3 g6 3. Nc3 c6 4. Nf3 f6 5. cxd5 cxd5 6. g3 Bf5 7. Bb5+ Bd7 8.
Bxd7+ Qxd7 9. O-O Na6 10. a3 e5 11. Qb3 Nc5 12. Qxd5 Qxd5 13. Nxd5 Bd6 14. b4
Nd3 15. Ne1 e4 16. Nxd3 exd3 17. Bb2 Rc8 18. Nxf6+ Nxf6 19. Bxf6 Rf8 20. Bg7 Rf7
21. Rac1 Rcc7 22. Bd4 b6 23. e4 h5 24. e5 Bf8 25. e6 Rxc1 26. exf7+ Kxf7 27.
Rxc1 Bd6 28. Rc3 g5 29. Rxd3 Be7 30. Be5 g4 31. Bf4 b5 32. Rd7 Ke6 33. Rxa7 h4
34. Rb7 hxg3 35. hxg3 Bf6 36. Rxb5 1-0

[Event "Challenge"]
[Site "http://www.queenalice.com/game.php?id=1238279"]
[Date "2013.12.7"]
[Round "-"]
[White "MERMAID"]
[Black "Aspayne"]
[Result "1/2-1/2"]
[WhiteElo "1757"]
[BlackElo "2009"]

1. b4 Nf6 2. e3 e5 3. b5 c6 4. Bb2 Qc7 5. Bd3 d5 6. Nf3 e4 7. Be5 Bd6 8. Bxd6
Qxd6 9. Qe2 exd3 10. Qxd3 O-O 11. Nc3 Nbd7 12. a4 Nc5 13. Qe2 Bg4 14. h3 Bxf3
15. Qxf3 Nce4 16. Qf4 Qxf4 17. exf4 Nxc3 18. dxc3 Rae8+ 1/2-1/2

[Event "Challenge"]
[Site "http://www.queenalice.com/game.php?id=1238283"]
[Date "2013.12.7"]
[Round "-"]
[White "MERMAID"]
[Black "renet54"]
[Result "1-0"]
[WhiteElo "1592"]
[BlackElo "1558"]

1. b4 e5 2. c3 d5 3. e3 Nf6 4. Bd3 Be7 5. Nf3 O-O 6. Nxe5 Be6 7. Bc2 c6 8. d4
Nbd7 9. Nd2 Bd6 10. Ndf3 Nb6 11. Ng5 Ne4 12. Nef3 Nxc3 13. Qd3 Bxb4 14. Qxh7#
1-0

[Event "Challenge"]
[Site "http://www.queenalice.com/game.php?id=1240062"]
[Date "2013.12.14"]
[Round "-"]
[White "MERMAID"]
[Black "Dougtzu"]
[Result "0-1"]
[WhiteElo "1429"]
[BlackElo "1737"]

1. b4 d5 2. e3 e5 3. b5 c6 4. Nf3 Bg4 5. Be2 Bxf3 6. Bxf3 Nf6 7. Qe2 Bd6 8. O-O
O-O 9. a4 Nbd7 10. c4 Rb8 11. Bb2 a6 12. Nc3 Qc7 13. Bg4 Nxg4 14. Qxg4 Nf6 15.
Qg5 h6 16. Qf5 dxc4 17. Ba3 Bxa3 18. Rxa3 Rbd8 19. Ra2 cxb5 20. a5 b4 21. Ne2
Rd5 0-1

[Event "Challenge"]
[Site "http://www.queenalice.com/game.php?id=1243668"]
[Date "2013.12.29"]
[Round "-"]
[White "MERMAID"]
[Black "Piazzolero"]
[Result "0-1"]
[WhiteElo "1402"]
[BlackElo "1656"]

1. g4 e6 2. d4 Nf6 3. g5 Ne4 4. Nh3 g6 5. Qd3 d5 6. f3 Nd6 7. Bf4 Nc4 8. Bc1 Nc6
9. b3 Nb6 10. Bd2 Bb4 0-1

[Event "Challenge"]
[Site "http://www.queenalice.com/game.php?id=1243669"]
[Date "2013.12.29"]
[Round "-"]
[White "Luke1416"]
[Black "MERMAID"]
[Result "1-0"]
[WhiteElo "1556"]
[BlackElo "1396"]

1. e4 g5 2. d3 e5 3. h3 Bb4+ 4. c3 Bc5 5. Nf3 f6 6. b4 Bb6 7. c4 d6 8. Nc3 c6 9.
b5 Ba5 10. Bd2 Bxc3 11. Bxc3 Be6 12. bxc6 Nxc6 13. Qb3 b6 14. a4 a5 15. Be2 1-0

[Event "Challenge"]
[Site "http://www.queenalice.com/game.php?id=1247025"]
[Date "2014.1.10"]
[Round "-"]
[White "MERMAID"]
[Black "eloy"]
[Result "0-1"]
[WhiteElo "1469"]
[BlackElo "1740"]

1. c4 e5 2. d4 exd4 3. Qxd4 Nc6 4. Qd3 Nf6 5. Nf3 Bc5 6. e3 h6 7. Qf5 d6 8. Qc2
O-O 9. Bd3 Re8 10. Nc3 Nd4 11. Nxd4 Bxd4 12. O-O Bxc3 13. bxc3 c5 14. f3 d5 15.
Ba3 b6 16. h3 Be6 17. g4 Qd6 18. f4 Ne4 19. Rf3 h5 20. g5 Bf5 0-1

[Event "Challenge"]
[Site "http://www.queenalice.com/game.php?id=1247312"]
[Date "2014.1.12"]
[Round "-"]
[White "MERMAID"]
[Black "antoniozla"]
[Result "0-1"]
[WhiteElo "1553"]
[BlackElo "1387"]

1. c4 Nf6 2. c5 d5 3. cxd6 cxd6 4. d4 Bg4 5. f3 Bh5 6. Nh3 e6 7. Ng5 h6 8. Ne4
d5 9. Nc5 Bxc5 10. dxc5 O-O 11. b4 Nc6 12. Bd2 a5 13. Qb3 a4 14. Qc3 d4 15. Qc2
Bg6 16. Qc1 e5 17. e4 dxe3 18. Bxe3 e4 19. f4 Nd5 20. a3 Nxe3 21. Qxe3 Qd4 22.
Qxd4 Nxd4 23. Ra2 Rad8 24. Bb5 e3 25. Bxa4 Bxb1 26. O-O Bxa2 27. f5 Bc4 28. Rc1
Ne2+ 29. Kf1 Nxc1+ 30. Ke1 Rd2 31. b5 Nd3+ 32. Kf1 Nxc5+ 33. Ke1 Nxa4 0-1

[Event "AUTO-INT-2800"]
[Site "http://www.queenalice.com/game.php?id=1252399"]
[Date "2014.1.30"]
[Round "1"]
[White "Givanildo"]
[Black "MERMAID"]
[Result "1-0"]
[WhiteElo "1582"]
[BlackElo "1464"]

1. e3 c6 2. a3 d5 3. d4 Nd7 4. c4 e6 5. c5 Ngf6 6. f3 Be7 7. h4 Nh5 8. Ne2 b6 9.
b4 bxc5 10. dxc5 Bf6 11. Ra2 Be5 12. f4 Bf6 13. g4 Bxh4+ 14. Kd2 g5 15. gxh5 Nf6
16. Nbc3 Nxh5 17. Kc2 f5 18. Kb1 Qf6 19. Bb2 Qf8 20. Nd4 Bd7 21. b5 Qxc5 22. Nc2
Ng3 23. Na4 Qf8 24. Bxh8 Qxh8 25. Qh5+ Nxh5 26. Nc5 Ng3 27. Nxd7 Nxh1 28. bxc6
Qc3 29. Rb2 Qxc6 30. Bb5 1-0

[Event "AUTO-INT-2800"]
[Site "http://www.queenalice.com/game.php?id=1252400"]
[Date "2014.1.30"]
[Round "1"]
[White "MERMAID"]
[Black "Givanildo"]
[Result "1-0"]
[WhiteElo "1531"]
[BlackElo "1528"]

1. b4 d6 2. b5 b6 3. c4 Bb7 4. f3 Nf6 5. a4 h6 6. d3 g6 7. Bb2 Bg7 8. Bxf6 Bxf6
9. d4 c5 10. e3 Bh4+ 11. g3 Bf6 12. Bd3 cxd4 13. e4 Be5 14. Ne2 f5 15. exf5 Bxf3
16. Rf1 Bg4 17. fxg6 e6 18. Rf7 Rg8 19. Qd2 Bh5 20. Qxh6 Bxg6 21. Bxg6 Nd7 22.
Nd2 d3 23. Rf8+ Ke7 24. Rxd8 Raxd8 25. Qh7+ Kf6 26. Ne4# 1-0

[Event "AUTO-INT-2800"]
[Site "http://www.queenalice.com/game.php?id=1252415"]
[Date "2014.1.30"]
[Round "1"]
[White "Ruusgugg"]
[Black "MERMAID"]
[Result "0-1"]
[WhiteElo "1386"]
[BlackElo "1523"]

1. b3 g5 2. e4 d5 3. exd5 Qxd5 4. c4 Qe5+ 5. Ne2 g4 6. h3 Nc6 7. f4 Qh5 8. Ng3
Qg6 9. hxg4 Bh6 10. f5 Qf6 11. Nc3 e6 12. Nb5 Qe5+ 13. Be2 Qxg3+ 14. Kf1 a6 15.
Rh3 Qf4+ 16. Bf3 axb5 17. g3 Qe5 18. Rb1 Nf6 19. Rxh6 Nd4 20. Bg2 Ne4 21. d3
Nxg3+ 22. Kf2 Rxa2+ 23. Bb2 Qf4+ 24. Ke1 Qe3+ 25. Qe2 Qxe2# 0-1

[Event "AUTO-INT-2800"]
[Site "http://www.queenalice.com/game.php?id=1252416"]
[Date "2014.1.30"]
[Round "1"]
[White "MERMAID"]
[Black "Ruusgugg"]
[Result "1-0"]
[WhiteElo "1517"]
[BlackElo "1362"]

1. c4 c5 2. d3 Nf6 3. Nf3 e6 4. Bg5 h6 5. Bxf6 Qxf6 6. Qc2 g5 7. g4 Bd6 8. Nbd2
Bf4 9. e3 Bd6 10. d4 cxd4 11. Nxd4 e5 12. Nb5 O-O 13. Qe4 Nc6 14. a3 a6 15. Nxd6
Qxd6 16. Qf5 Ne7 17. Qf3 Qb6 18. b4 Qd6 19. Rb1 Qe6 20. Bd3 a5 21. b5 Rb8 22. h3
b6 23. Qe4 Bb7 24. Qh7# 1-0